000 00492nam a2200193 a 4500
001 1758355766803
003 YourLibrary
005 20250920134231.0
008 250920s2008##################000#0#eng##
020 _a9780879697754
082 0 4 _a572.8078
_bSEL
100 1 _aSelvin, Paul R.,
_eauthor.
245 1 0 _aSingle-molecule Techniques :
260 _bCSHL Press,
_c2008.
300 _a511 pages
650 0 _aScience.
942 _cENGLISH
040 _aYourLibrary
_beng
_cYourLibrary
999 _c588391
_d588391